El vínculo profesor-alumno: una lectura psicológica
Gespeichert in:
| 1. Verfasser: | |
|---|---|
| Format: | Buch |
| Sprache: | Spanisch |
| Veröffentlicht: |
Buenos Aires
Biblos
2004
|
| Ausgabe: | 1a. ed |
| Schriftenreihe: | Educación
|
| Schlagworte: | |
| Tags: |
Tag hinzufügen
Keine Tags, Fügen Sie den ersten Tag hinzu!
|
MARC
| LEADER | 00000nam a2200000 a 4500 | ||
|---|---|---|---|
| 001 | UCL8120 | ||
| 003 | CL-VaPUC | ||
| 008 | 040611e20040000AG |||||||||||||||||spa|d | ||
| 020 | |a 9507863990 | ||
| 082 | 0 | 4 | |a 371.102 |b ALL |2 21 |
| 100 | 0 | |a Allidiére, Noemi |e author |9 486080 | |
| 245 | 1 | 3 | |a El vínculo profesor-alumno: una lectura psicológica |
| 250 | |a 1a. ed | ||
| 300 | |a 125 p | ||
| 942 | |c BK | ||
| 945 | |d 20040611 00:00:00 |a cmena | ||
| 260 | |a Buenos Aires |b Biblos |c 2004 | ||
| 650 | 7 | |a RELACION DOCENTE ALUMNO |2 CL-VaPUC |9 307734 | |
| 650 | 0 | |a Psicología educacional |9 307830 | |
| 650 | 7 | |a PROFESORES ASPECTOS PSICOLOGICOS |2 CL-VaPUC |9 327438 | |
| 583 | |a last modification |c 20040611 00:00:00 |k Rodrigo Vera | ||
| 490 | 0 | |a Educación | |
| 999 | |c 309573 |d 309571 | ||
| 952 | |0 0 |1 0 |4 0 |6 371_102000000000000_ALL_2004 |7 0 |8 A |9 377097 |a BIBEDU |b BIBEDU |d 2019-11-21 |i 4023188 |o 371.102 ALL 2004 |p 4023188 |r 2019-11-21 |w 2019-11-21 |y BK |k PSI | ||
| 952 | |0 0 |1 0 |4 0 |6 371_102000000000000_ALL_2004 |7 0 |8 A |9 377098 |a BIBEDU |b BIBEDU |d 2019-11-21 |i 415603K |o 371.102 ALL 2004 |p 415603K |r 2019-11-21 |w 2019-11-21 |y BK |k FIL | ||